Normal view
MARC view
- Política mundial
Entry Materia
001 - NÚMERO DE CONTROL DEL REGISTRO
- campo de control: 47683
003 - IDENTIFICADOR DE NUMERO DE CONTROL
- campo de control: UPN
005 - FECHA Y HORA DE LA ÚLTIMA TRANSACCIÓN
- campo de control: 20230126090128.0
008 - DATOS DE LONGITUD FIJA
- campo de control de longitud fija: 230126|| aca||babn | a|a d
040 ## - FUENTE DE LA CATALOGACIÓN
- Centro catalogador de origen: MX-MxUPN
- Lengua de catalogación: spa
- Agencia de transcripción: MX-MxUPN
046 ## - FECHAS CON CODIFICACIÓN ESPECIAL
- Fecha final para contenidos agregados: 260123
150 ## - ENCABEZAMIENTO - TEMÁTICO
- Término de materia o nombre geográfico como elemento inicial: Política mundial
- Subdivisión cronológica: 1989-
- Subdivisión de forma: Diccionarios
670 ## - FUENTE EN LA QUE SE LOCALIZARON DATOS
- Cita de la fuente: DGB/UNAM, 26 enero 2023:
- Información localizada: catálogo electrónico (Política mundial - 1989- Diccionarios)
902 ## - CATALOGADOR
- Catalogador: NDAF/260123
